[Event "XLV C.to Italiano a squadre A1.1"]
[Site "Arvier ITA"]
[Date "2013.03.17"]
[Round "5"]
[White "De Luca, Fabio"]
[Black "Bozzali, Ermanno"]
[WhiteElo "1977"]
[BlackElo "2041"]
[Result "1/2-1/2"]
[PlyCount "48"]
[EventDate "2013.03.15"]

1. e4 c5 2. Nf3 d6 3. Bb5+ Bd7 4. Bxd7+ Qxd7 5. O-O Nf6 6. Qe2 Nc6 7. c3 e6 8.
Rd1 Be7 9. d4 cxd4 10. Nxd4 O-O 11. Bg5 d5 12. exd5 Nxd5 13. Bxe7 Qxe7 14. Nxc6
bxc6 15. Nd2 Rfd8 16. Ne4 Nf6 17. Nxf6+ Qxf6 18. Rxd8+ Rxd8 19. Rd1 g6 20.
Rxd8+ Qxd8 21. g3 Qd5 22. Qa6 Qd1+ 23. Kg2 Qd5+ 24. Kg1 Qd1+ 1/2-1/2

[Event "XLV C.to Italiano a squadre A1.1"]
[Site "Arvier ITA"]
[Date "2013.03.17"]
[Round "5"]
[White "Di Paolo, Raffaele"]
[Black "Saccona, Silvano"]
[WhiteElo "2292"]
[BlackElo "2170"]
[Result "1/2-1/2"]
[PlyCount "113"]
[EventDate "2013.03.15"]

1. d4 c6 2. e4 d5 3. Nc3 dxe4 4. Nxe4 Nf6 5. Nxf6+ gxf6 6. Nf3 Bg4 7. Be2 e6 8.
Bf4 Bd6 9. Qd2 Qc7 10. Bxd6 Qxd6 11. O-O-O Nd7 12. Qa5 Nb6 13. Kb1 Nd5 14. g3
Qb4 15. Qxb4 Nxb4 16. a3 Na6 17. h3 Bxf3 18. Bxf3 O-O 19. c4 Nc7 20. Rhe1 Rfe8
21. Re3 Kg7 22. Kc2 f5 23. b4 Rab8 24. a4 a6 25. Bg2 h5 26. Bf3 Kg6 27. h4 Rec8
28. Kb3 Rd8 29. Re5 Rd6 30. a5 Rbd8 31. Kc3 R6d7 32. Ree1 Rd6 33. Be2 Rc8 34.
f3 Rh8 35. Rh1 Kf6 36. g4 hxg4 37. fxg4 fxg4 38. Rdg1 Rdd8 39. Rxg4 Ke7 40. h5
Rh6 41. Rg7 Ne8 42. Rg5 Nd6 43. Bd3 Rdh8 44. Kb3 Rf6 45. Rh3 Kd7 46. b5 axb5
47. cxb5 cxb5 48. Bxb5+ Kd8 49. Bd3 Rhh6 50. d5 exd5 51. Rxd5 Kc7 52. Rc5+ Kd8
53. Re3 Rf4 54. Be2 Rh4 55. Bf3 Rf6 56. Rd3 Rh3 57. Rcc3 1/2-1/2

[Event "XLV C.to Italiano a squadre A1.1"]
[Site "Arvier ITA"]
[Date "2013.03.17"]
[Round "5"]
[White "Georgiev, Vladimir"]
[Black "Castaldo, Folco"]
[WhiteElo "2562"]
[BlackElo "2413"]
[Result "1/2-1/2"]
[PlyCount "63"]
[EventDate "2013.03.15"]

1. d4 f5 2. Nf3 Nf6 3. c4 e6 4. a3 b6 5. Nc3 Bb7 6. d5 Be7 7. g3 Na6 8. Bg2 Nc5
9. O-O a5 10. Be3 Qc8 11. Bxc5 Bxc5 12. Qd3 O-O 13. Rad1 exd5 14. cxd5 Qe8 15.
Nd4 Ng4 16. d6 Qh5 17. h3 Bxg2 18. Qc4+ Kh8 19. Kxg2 Ne5 20. Qd5 Bxd6 21. f4
Ng6 22. Qf3 Qxf3+ 23. Kxf3 Bc5 24. Nc2 Rf7 25. Rd3 a4 26. Rfd1 Nf8 27. Nb5 c6
28. Nd6 Bxd6 29. Rxd6 Re8 30. Nd4 g6 31. Kf2 Rfe7 32. Rd2 1/2-1/2

[Event "XLV C.to Italiano a squadre A1.1"]
[Site "Arvier ITA"]
[Date "2013.03.17"]
[Round "5"]
[White "Mariano, Elia"]
[Black "Pulito, Alberto"]
[WhiteElo "2156"]
[BlackElo "2259"]
[Result "1/2-1/2"]
[PlyCount "106"]
[EventDate "2013.03.15"]

1. d4 Nf6 2. Nf3 e6 3. c4 b6 4. g3 Ba6 5. b3 Bb4+ 6. Bd2 c5 7. Bg2 Bb7 8. O-O
Bxd2 9. Nbxd2 O-O 10. e3 Qc8 11. dxc5 bxc5 12. Ne5 d6 13. Nd3 Bxg2 14. Kxg2 Nc6
15. Nb1 Rd8 16. Nc3 h6 17. Qe2 Rb8 18. Rfd1 a6 19. Rd2 Qc7 20. f3 Kf8 21. Rad1
Qa5 22. Rc2 Ke7 23. Qe1 Kf8 24. Ne2 Qb6 25. Nc3 Qa5 26. Na4 Qxe1 27. Rxe1 Nd7
28. Rd2 Ke7 29. Red1 Nde5 30. Nxe5 Nxe5 31. Kf2 h5 32. Nc3 Rd7 33. f4 Nc6 34.
Na4 Rdd8 35. h3 g6 36. Nc3 Rd7 37. Ne4 Rbd8 38. g4 f5 39. Nc3 Rg8 40. gxh5 gxh5
41. Rg1 Rdd8 42. Rdd1 h4 43. Rxg8 Rxg8 44. Rg1 Rxg1 45. Kxg1 Nb4 46. Kf1 Kf6
47. Ke2 Nc6 48. Kd2 Ke7 49. Ne2 Kd7 50. Ng1 Ne7 51. Nf3 Ng6 52. a3 a5 53. Kc3
e5 1/2-1/2

[Event "XLV C.to Italiano a squadre A1.1"]
[Site "Arvier ITA"]
[Date "2013.03.17"]
[Round "5"]
[White "Napoli, Nicolo'"]
[Black "Formento, Paolo"]
[WhiteElo "2281"]
[BlackElo "2200"]
[Result "0-1"]
[PlyCount "67"]
[EventDate "2013.03.15"]

1. d4 Nf6 2. Nc3 d5 3. Bg5 c6 4. Qd3 Nbd7 5. e4 dxe4 6. Nxe4 Nxe4 7. Qxe4 Qa5+
8. Bd2 Qd5 9. Bd3 Qxe4+ 10. Bxe4 e5 11. dxe5 Nxe5 12. Bc3 Nd7 13. O-O-O Nc5 14.
Bf3 Bd7 15. Ne2 O-O-O 16. Bd4 b6 17. Ng3 Ne6 18. Bc3 f6 19. Rhe1 Ng5 20. Be2
Bc5 21. Rd2 Rhe8 22. Red1 Be6 23. h4 Nf7 24. Bd3 Bd6 25. Kb1 Bf4 26. Re2 Bxg3
27. fxg3 Rxd3 28. Rxd3 Bxa2+ 29. Kxa2 Rxe2 30. Rd4 Ne5 31. Rf4 Kd7 32. Bxe5
Rxe5 33. Rf2 h5 34. Kb3 0-1

[Event "XLV C.to Italiano a squadre A1.1"]
[Site "Arvier ITA"]
[Date "2013.03.17"]
[Round "5"]
[White "Ranieri, Fabrizio"]
[Black "Sarno, Spartaco"]
[WhiteElo "2277"]
[BlackElo "2327"]
[Result "1/2-1/2"]
[PlyCount "38"]
[EventDate "2013.03.15"]

1. e4 d6 2. d4 Nf6 3. Nc3 g6 4. Be3 Bg7 5. f3 c6 6. Qd2 O-O 7. Bh6 b5 8. h4
Bxh6 9. Qxh6 e5 10. O-O-O Qe7 11. h5 exd4 12. Rxd4 Nbd7 13. Nh3 Nc5 14. hxg6
fxg6 15. Ng5 Ne6 16. Rd1 a6 17. Bd3 Ra7 18. Nxe6 Bxe6 19. a3 Qg7 1/2-1/2

[Event "XLV C.to Italiano a squadre A1.1"]
[Site "Arvier ITA"]
[Date "2013.03.17"]
[Round "5"]
[White "Sanchez, Joseph"]
[Black "Arata, Roberto Mario"]
[WhiteElo "2531"]
[BlackElo "2222"]
[Result "1-0"]
[PlyCount "49"]
[EventDate "2013.03.15"]

1. e4 c5 2. Nf3 d6 3. d4 cxd4 4. Qxd4 a6 5. Bc4 Nc6 6. Qd3 g6 7. Nc3 Bg7 8. Bf4
Nf6 9. O-O-O O-O 10. Kb1 Ng4 11. Qd2 Bd7 12. h3 Nge5 13. Bb3 Nxf3 14. gxf3 Ne5
15. Bh6 Be6 16. Bxg7 Kxg7 17. h4 Bxb3 18. axb3 h5 19. f4 Nd7 20. Rhg1 Kh7 21.
Rg5 f6 22. Rg3 Rg8 23. Rdg1 Qa5 24. Qe2 Rg7 25. b4 1-0

[Event "XLV C.to Italiano a squadre A1.1"]
[Site "Arvier ITA"]
[Date "2013.03.17"]
[Round "5"]
[White "Stoppa, Omar"]
[Black "Genocchio, Daniele"]
[WhiteElo "2294"]
[BlackElo "2413"]
[Result "0-1"]
[PlyCount "81"]
[EventDate "2013.03.15"]

1. e4 e5 2. f4 Bc5 3. Nf3 d6 4. d4 exd4 5. Bd3 d5 6. exd5 Nf6 7. O-O O-O 8.
Nbd2 Bg4 9. Nb3 Qxd5 10. Nxc5 Qxc5 11. h3 Bxf3 12. Qxf3 Nc6 13. a3 a5 14. Bd2
Rfe8 15. Rfe1 a4 16. Rxe8+ Rxe8 17. Re1 Rxe1+ 18. Bxe1 Qb6 19. Bh4 Kf8 20. Qg4
Ke7 21. Qc8 Nd8 22. Kh2 Ne6 23. Bxf6+ gxf6 24. g3 h6 25. h4 c6 26. Bf5 Qxb2 27.
Bxe6 fxe6 28. Qc7+ Ke8 29. Qc8+ Kf7 30. Kh3 Qxa3 31. Qxb7+ Qe7 32. Qxc6 a3 33.
Qa6 f5 34. h5 Kf6 35. Qa8 Kg7 36. Qa4 Kh7 37. Qxd4 Qb7 38. Kh2 a2 39. Qa4 Qb2
40. Qd7+ Qg7 41. Qxe6 0-1

[Event "XLV C.to Italiano a squadre A1.1"]
[Site "Arvier ITA"]
[Date "2013.03.17"]
[Round "5"]
[White "Yeuillaz, Corrado"]
[Black "Aranovitch, Emiliano"]
[WhiteElo "2223"]
[BlackElo "2328"]
[Result "0-1"]
[PlyCount "86"]
[EventDate "2013.03.15"]

1. e4 c5 2. Nf3 d6 3. d4 cxd4 4. Nxd4 Nf6 5. Nc3 Nc6 6. Be2 Nxd4 7. Qxd4 g6 8.
Be3 Bg7 9. O-O O-O 10. Qd2 Be6 11. Bf3 Nd7 12. Bh6 Bxh6 13. Qxh6 Qb6 14. Rab1
Rfc8 15. Qd2 Rab8 16. Rfd1 Qc5 17. Rbc1 b5 18. Nd5 Bxd5 19. Qxd5 b4 20. Qd2 Ne5
21. Be2 Qb6 22. h3 Rc7 23. c3 bxc3 24. Rxc3 Rxc3 25. bxc3 Qb2 26. f4 Nc6 27.
Kh2 Na5 28. h4 Qa3 29. Bf3 Rc8 30. Qd4 Nc4 31. h5 e5 32. fxe5 Nxe5 33. hxg6
hxg6 34. Qxd6 Qxc3 35. Kg3 Nc4 36. Qd4 Qa5 37. Rh1 Qg5+ 38. Kf2 Ne5 39. Re1 Qf4
40. Qd1 Rc3 41. Qd8+ Kg7 42. Qd4 Rd3 43. Qb2 Rd2+ 0-1